00000000nam##2200000za#4500
0019.603565
003CaOODSP
00520210624211134
007cr |||||||||||
008150406|1998||||xxc|||||o    f|0| 0 fre|d
040 |aCaOODSP|bfre
043 |an-cn---
0861 |aNH14-1/0390F-PDF
1102 |aSociété canadienne d'hypothèques et de logement.
24510|aComment la Municipalité régionale du Cap-Breton a rationalisé l'approbation des plans de construction résidentielle en améliorant la qualité des plans présentés pour fins d'examen / |h[ressource électronique]|cpar Word-Works Communications Services.
260 |aOttawa - Ontario : |bSociété canadienne d'hypothèques et de logement
300 |a23p.|bfigures
4901 |aAbordabilité et choix toujours (ACT), projet de réforme de la réglementation|vJuin 1998
590 |a12-31-Supp|b2012-07-06
77508|tHow Cape Breton Regional Municipality streamlined residential building plans approvals by improving the quality of plans submitted for review |w(CaOODSP)9.573397
7760#|tHow Cape Breton Regional Municipality streamlined residential building plans approvals by improving the quality of plans submitted for review / |w(CaOODSP)9.534754
7760#|tComment la Municipalité régionale du Cap-Breton a rationalisé l'approbation des plans de construction résidentielle en améliorant la qualité des plans présentés pour fins d'examen / |w(CaOODSP)9.534755
830#0|aAbordabilité et choix toujours (ACT), projet de réforme de la réglementation ;|vJuin 1998|w(CaOODSP)9.503295
85640|ahttp://publications.gc.ca|qPDF|s1.82 Mo|uhttps://publications.gc.ca/collections/Collection/NH14-1-0390F.pdf|yJuin 1998